000 00995cam a2200325 a 4500
001 13585823
003 OSt
005 20140310184456.0
008 040507s2005 paua b 000 1 eng
010 _a 2004010780
020 _a9780439858489
040 _aDLC
_cDLC
_dDLC
042 _alcac
050 0 0 _aPZ 7
_b.B6234Sp 2006
100 1 _aBloom, Suzanne,
_d1950-
_928391
245 1 2 _aA splendid friend, indeed /
_cSuzanne Bloom.
250 _a1st ed.
260 _aHonesdale, Pa. :
_bBoyds Mills Press,
_c2006.
300 _bcol. ill. ;
_c28 cm.
521 _aBR
526 _cBR
650 1 _aFriendship
_vFiction.
_928392
650 1 _aIndividuality
_vFiction.
_928393
650 1 _aGeese
_vFiction.
_928394
650 1 _aPolar bear
_vFiction.
_928395
906 _a7
_bcbc
_corignew
_d1
_eecip
_f20
_gy-gencatlg
942 _2lcc
_cBK-SCHOLAS
999 _c34663
_d34663